| 000 | 01013nas a2200325 4500 | ||
|---|---|---|---|
| 001 | BR2018000266 | ||
| 003 | BR-BrBNA | ||
| 005 | 20231205131226.0 | ||
| 007 | ta | ||
| 008 | 230509b bl.|||p| |||| 00| 00por d | ||
| 040 |
_aBR-BrBNA _bpor _cBiblioteca Nacional de Agricultura |
||
| 041 | _a(En) | ||
| 072 | _aF03; H01 | ||
| 100 | 1 | _aElli, E.F. | |
| 100 | 1 | _aCaron, B.O. | |
| 100 | 1 | _aSouza, V.Q. de | |
| 100 | 1 | _aMonteiro, G.C. | |
| 100 | 1 | _aEloy, E. | |
| 100 | 1 | _aKorcelski, C. | |
| 245 | 1 | _aEffect of the phytosanitary treatment of seeds on the initial growth of upland rice | |
| 650 | _aARROZ | ||
| 650 | _aTRATAMENTO DE SEMENTE | ||
| 650 | _aFUNGICIDA | ||
| 650 | _aINSETICIDA | ||
| 650 | _aDEFESA VEGETAL | ||
| 773 | 0 |
_tCientífica. Revista de Ciências Agrárias (Brazil) _xISSN 1984-5529 _g(2016), v. 44(4) p. 568-574 _wBR2018000266 |
|
| 856 | 4 | 0 | _uhttp://cientifica.org.br/index.php/cientifica/article/view/743/544 |
| 909 |
_a202311 _bLúcia _c55 _dLúcia Elande |
||
| 942 |
_2AGRIS _n0 _cANA |
||
| 999 |
_c253666 _d253666 |
||